[Event "Suwalki Warakomska Memorial-B 1st"]
[Site "Suwalki"]
[Date "2017.08.18"]
[Round "9"]
[White "Pytel, Przemyslaw"]
[Black "Norek, Bartosz"]
[Result "1-0"]
[WhiteElo "1815"]
[BlackElo "1799"]
[PlyCount "77"]
[EventDate "2017.08.11"]
[EventType "swiss"]
[EventRounds "9"]
[EventCountry "POL"]
[SourceTitle "CBM 180 Extra"]
[Source "ChessBase"]
[SourceDate "2017.10.06"]
[SourceVersion "1"]
[SourceVersionDate "2017.10.06"]
[SourceQuality "1"]

1. e4 c5 2. Nc3 a6 3. g3 b5 4. Bg2 Bb7 5. d3 e6 6. f4 b4 7. Nb1 d5 8. exd5 exd5 9. Nf3 Be7 10. 0-0 Nf6 11. a3 bxa3 12. Nxa3 0-0 13. Ne5 Nbd7 14. Kh1 Qc7 15. Nxd7 Nxd7 16. c3 Rfe8 17. Nc2 a5 18. Ne3 Nb6 19. Ng4 Bd6 20. f5 f6 21. Bf4 Bxf4 22. Rxf4 a4 23. Rb1 Qd7 24. d4 c4 25. Qf3 Nc8 26. Ne3 Ra5 27. g4 Nd6 28. Re1 Ne4 29. Re2 a3 30. bxa3 Bc6 31. Nc2 Rea8 32. Qe3 Qb7 33. Bxe4 dxe4 34. Kg1 Qb2 35. Rf1 Qb7 36. h4 Qd7 37. Ref2 Rf8 38. Rb1 g6 39. Rff1 1-0

[Event "POL-chT U20 2nd League"]
[Site "Szczyrk"]
[Date "2017.07.30"]
[Round "11.25"]
[White "Norek, Bartosz"]
[Black "Kokoszczynski, Jan"]
[Result "0-1"]
[WhiteElo "1734"]
[BlackElo "2130"]
[PlyCount "84"]
[EventDate "2017.07.22"]
[EventType "team-swiss"]
[EventRounds "11"]
[EventCountry "POL"]
[SourceTitle "EXT 2019"]
[Source "ChessBase"]
[SourceDate "2018.10.10"]
[SourceVersion "1"]
[SourceVersionDate "2018.10.10"]
[SourceQuality "1"]

1. e4 c5 2. Nf3 d6 3. d4 cxd4 4. Nxd4 Nf6 5. Nc3 a6 6. Bc4 e6 7. Bb3 Nbd7 8. 0-0 Nc5 9. Qf3 Qc7 10. Re1 Be7 11. Qg3 b5 12. f4 b4 13. e5 dxe5 14. fxe5 Nh5 15. Qf3 Bb7 16. Qxh5 bxc3 17. bxc3 0-0 18. Re3 Rfc8 19. Rg3 Be4 20. Bf4 Bg6 21. Qg4 Rd8 22. Re1 a5 23. h4 h5 24. Qf3 Nxb3 25. cxb3 Rac8 26. Bg5 Bxg5 27. hxg5 Rd5 28. Qf4 Qd7 29. a4 Rcc5 30. Nb5 Rd1 31. Rge3 Qd2 32. Rxd1 Qxd1+ 33. Kh2 Qxb3 34. Qd4 Rc4 35. Qd8+ Kh7 36. Nd6 Rh4+ 37. Rh3 Rxh3+ 38. gxh3 Qxc3 39. Qf8 Qxe5+ 40. Kh1 Be4+ 41. Kg1 Qg3+ 42. Kf1 Bd3# 0-1

[Event "POL-chT U20 2nd League"]
[Site "Szczyrk"]
[Date "2017.07.27"]
[Round "8.13"]
[White "Norek, Bartosz"]
[Black "Adamczewski, Maciej"]
[Result "0-1"]
[WhiteElo "1734"]
[BlackElo "2158"]
[PlyCount "82"]
[EventDate "2017.07.22"]
[EventType "team-swiss"]
[EventRounds "11"]
[EventCountry "POL"]
[SourceTitle "EXT 2019"]
[Source "ChessBase"]
[SourceDate "2018.10.10"]
[SourceVersion "1"]
[SourceVersionDate "2018.10.10"]
[SourceQuality "1"]

1. e4 e6 2. d4 d5 3. Nd2 Be7 4. e5 c5 5. c3 Nc6 6. Ndf3 f6 7. Bd3 Bd7 8. a3 Qb6 9. b4 c4 10. Bc2 0-0-0 11. a4 Rf8 12. Be3 Be8 13. Ne2 f5 14. Nf4 Bf7 15. h4 Nh6 16. Qe2 Kb8 17. Ng5 Nd8 18. f3 Ng8 19. a5 Qc7 20. Bxf5 Bxg5 21. hxg5 exf5 22. g6 Be6 23. gxh7 Ne7 24. Qd2 g6 25. Ke2 Rf7 26. Nxe6 Nxe6 27. Bg5 Rfxh7 28. Rxh7 Rxh7 29. Bf6 Ng8 30. Bg5 Rh5 31. Bf4 g5 32. Bg3 f4 33. Bf2 Qh7 34. b5 Ne7 35. a6 b6 36. Rd1 Rh2 37. Qb2 Rxg2 38. Qa3 Qc2+ 39. Rd2 Rxf2+ 40. Kxf2 Qxd2+ 41. Kf1 Nf5 0-1

[Event "POL Olympiad U14"]
[Site "Drzonkow"]
[Date "2017.04.03"]
[Round "3"]
[White "Mike, Patryk"]
[Black "Norek, Bartosz"]
[Result "1-0"]
[WhiteElo "1849"]
[BlackElo "1722"]
[PlyCount "115"]
[EventDate "2017.04.02"]
[EventType "swiss"]
[EventRounds "9"]
[EventCountry "POL"]
[SourceTitle "EXT 2020"]
[Source "ChessBase"]
[SourceDate "2019.10.17"]
[SourceVersion "1"]
[SourceVersionDate "2019.10.17"]
[SourceQuality "1"]

1. e4 c5 2. Nf3 e6 3. c4 Nc6 4. Nc3 Nf6 5. Be2 Be7 6. d4 cxd4 7. Nxd4 d6 8. 0-0 0-0 9. Be3 Nxd4 10. Qxd4 b6 11. f3 Bb7 12. Rfd1 Qc8 13. Rac1 Rd8 14. b4 Nd7 15. Nb5 Ne5 16. Qb2 a6 17. Nc3 Qc7 18. Na4 Nd7 19. Bd4 Bf8 20. Qb3 Bc6 21. Nc3 Bb7 22. g3 h5 23. a3 g6 24. Nb1 h4 25. Kg2 Bg7 26. Bxg7 Kxg7 27. Qc3+ Nf6 28. Nd2 Rac8 29. Nb3 Qe7 30. Qe3 Rb8 31. Rd2 Nh5 32. Rcd1 Qc7 33. g4 Nf6 34. Qd4 e5 35. Qc3 Bc6 36. Kf1 Ba4 37. Rc1 Rbc8 38. Na1 Bd7 39. Nc2 Be6 40. Ne3 b5 41. c5 d5 42. exd5 Nxd5 43. Nxd5 Rxd5 44. Rxd5 Bxd5 45. Rd1 Bc6 46. Rd6 Re8 47. f4 Ba8 48. fxe5 Re6 49. Bf3 Bxf3 50. Qxf3 Qe7 51. Rxe6 Qxe6 52. Qf6+ Qxf6+ 53. exf6+ Kxf6 54. g5+ Ke5 55. Kf2 Kd5 56. Kf3 a5 57. Kg4 a4 58. Kxh4 1-0

[Event "Polanica Zdroj op-C 52nd"]
[Site "Polanica Zdroj"]
[Date "2016.08.28"]
[Round "8"]
[White "Kwasniak, Kacper"]
[Black "Norek, Bartosz"]
[Result "0-1"]
[WhiteElo "1617"]
[BlackElo "1715"]
[PlyCount "68"]
[EventDate "2016.08.20"]
[EventType "swiss"]
[EventRounds "9"]
[EventCountry "POL"]
[SourceTitle "CBM 174 Extra"]
[Source "ChessBase"]
[SourceDate "2016.10.10"]
[SourceVersion "1"]
[SourceVersionDate "2016.10.10"]
[SourceQuality "1"]

1. f4 d5 2. Nf3 c5 3. e3 Nf6 4. b3 e6 5. Bb2 Be7 6. Be2 0-0 7. 0-0 Nbd7 8. c4 b6 9. Ne5 Bb7 10. Na3 a6 11. d3 Nxe5 12. fxe5 Ne8 13. Bg4 Nc7 14. Bf3 Qd7 15. Qe2 b5 16. Nb1 Rfd8 17. Qf2 Bf8 18. Nd2 Rac8 19. Rac1 Na8 20. d4 Nb6 21. Ba3 dxc4 22. Bxb7 Qxb7 23. dxc5 Bxc5 24. Bxc5 Rxc5 25. Nf3 h6 26. Qh4 Rdc8 27. Nd2 Rxe5 28. Qd4 Rd5 29. Qe4 Qd7 30. Nf3 cxb3 31. axb3 Rxc1 32. Rxc1 Rd1+ 33. Rxd1 Qxd1+ 34. Kf2 Nd5 0-1

[Event "POL-chT U19 2nd League"]
[Site "Iwonicz"]
[Date "2016.07.31"]
[Round "3.56"]
[White "Bakalarczyk, Jakub"]
[Black "Norek, Bartosz"]
[Result "0-1"]
[WhiteElo "1591"]
[BlackElo "1686"]
[PlyCount "108"]
[EventDate "2016.07.23"]
[EventType "team-swiss"]
[EventRounds "11"]
[EventCountry "POL"]
[SourceTitle "EXT 2019"]
[Source "ChessBase"]
[SourceDate "2018.10.10"]
[SourceVersion "1"]
[SourceVersionDate "2018.10.10"]
[SourceQuality "1"]
[WhiteTeam "Wielun UKS Piatka U19"]
[BlackTeam "Gliwice Akademia Szachowa U19"]
[WhiteTeamCountry "POL"]
[BlackTeamCountry "POL"]

1. c4 e5 2. g3 Nf6 3. Bg2 d5 4. cxd5 Nxd5 5. Nc3 Nb6 6. e3 Nc6 7. Nge2 Bf5 8. d4 exd4 9. Nxd4 Nxd4 10. Qxd4 Qxd4 11. exd4 0-0-0 12. Be3 Nc4 13. 0-0 Nxb2 14. Rfc1 Bd6 15. Nb5 Kb8 16. Nxd6 Rxd6 17. Rc3 b6 18. a4 a5 19. Bf1 Rhd8 20. Rb3 Nxa4 21. Rxa4 Bc2 22. Raa3 Bxb3 23. Rxb3 Ka7 24. Rc3 Kb7 25. Bf4 R6d7 26. Bh3 Re7 27. Bg2+ Ka6 28. Bf1+ Kb7 29. Bg2+ Ka7 30. Be3 Ka6 31. Bf1+ Kb7 32. Bg2+ Kb8 33. d5 Red7 34. Bf3 Rxd5 35. Bxd5 Rxd5 36. Bf4 Rd7 37. Be5 f6 38. Bf4 Kb7 39. Kf1 c5 40. Ke2 Kc6 41. Rd3 Rxd3 42. Kxd3 g5 43. Bc1 Kd5 44. Bb2 f5 45. h3 c4+ 46. Ke3 b5 47. g4 b4 48. Bf6 f4+ 49. Ke2 a4 50. f3 h6 51. Kd2 c3+ 52. Kc2 Kc4 53. Bg7 a3 54. Bxh6 a2 0-1

[Event "POL-chT U19 2nd League"]
[Site "Iwonicz"]
[Date "2016.07.31"]
[Round "10.62"]
[White "Franek, Krzysztof"]
[Black "Norek, Bartosz"]
[Result "0-1"]
[WhiteElo "1134"]
[BlackElo "1686"]
[PlyCount "60"]
[EventDate "2016.07.23"]
[EventType "team-swiss"]
[EventRounds "11"]
[EventCountry "POL"]
[SourceTitle "EXT 2019"]
[Source "ChessBase"]
[SourceDate "2018.10.10"]
[SourceVersion "1"]
[SourceVersionDate "2018.10.10"]
[SourceQuality "1"]
[WhiteTeam "Cieszyn MUKS SZS U19"]
[BlackTeam "Gliwice Akademia Szachowa U19"]
[WhiteTeamCountry "POL"]
[BlackTeamCountry "POL"]

1. e4 c5 2. Nf3 d6 3. d4 cxd4 4. Nxd4 Nf6 5. Nc3 a6 6. Be2 e6 7. Be3 Be7 8. f4 Qc7 9. Qd2 b5 10. a3 Bb7 11. Bf3 Nbd7 12. g4 Nc5 13. Qg2 Nfd7 14. f5 e5 15. Nde2 Nb6 16. Bf2 Nca4 17. Bxb6 Nxb6 18. g5 Nc4 19. Nd1 Qd8 20. b3 Qa5+ 21. Kf1 Nd2+ 22. Kg1 Qb6+ 23. Nf2 Bxg5 24. Rd1 Be3 25. Nc1 Bxf2+ 26. Qxf2 Nxf3+ 27. Kf1 Qxf2+ 28. Kxf2 Ng5 29. Rhe1 f6 30. h4 Nxe4+ 0-1

[Event "POL-chT U19 2nd League"]
[Site "Iwonicz"]
[Date "2015.08.01"]
[Round "1.34"]
[White "Fus, Jakub"]
[Black "Norek, Bartosz"]
[Result "1-0"]
[WhiteElo "1725"]
[BlackElo "1437"]
[PlyCount "93"]
[EventDate "2015.07.25"]
[EventType "team-swiss"]
[EventRounds "11"]
[EventCountry "POL"]
[SourceTitle "EXT 2019"]
[Source "ChessBase"]
[SourceDate "2018.10.10"]
[SourceVersion "1"]
[SourceVersionDate "2018.10.10"]
[SourceQuality "1"]
[WhiteTeam "Warszawa UKS Czternastka U19"]
[BlackTeam "Gliwice Akademia Szachowa U19"]
[WhiteTeamCountry "POL"]
[BlackTeamCountry "POL"]

1. d4 d5 2. Nf3 c6 3. c4 e6 4. Qc2 Be7 5. g3 Nf6 6. Bg2 0-0 7. Nbd2 dxc4 8. Qxc4 Qd5 9. Qc2 Na6 10. 0-0 c5 11. e3 Nb4 12. Qb1 cxd4 13. Nxd4 Qd8 14. a3 Nbd5 15. Nc4 Qc7 16. b3 Bd7 17. e4 Nb6 18. Nxb6 Qxb6 19. Qb2 Bc5 20. Rd1 e5 21. Nf3 Nxe4 22. Rxd7 Nxf2 23. Qe2 e4 24. b4 exf3 25. Bxf3 Bd4 26. Rxd4 Qxd4 27. Bb2 Nh3+ 28. Kg2 Qd7 29. Rd1 Qe6 30. Qd2 h6 31. Qd4 Qf6 32. Qxf6 gxf6 33. Kxh3 Rad8 34. Rxd8 Rxd8 35. Bxb7 f5 36. Be5 Rd3 37. a4 Ra3 38. a5 Rb3 39. Bd6 Kg7 40. Bc6 Ra3 41. Bc7 Rb3 42. b5 Kf6 43. b6 axb6 44. axb6 Rc3 45. b7 Rb3 46. b8Q Rxb8 47. Bxb8 1-0

[Event "POL-chT U19 2nd League"]
[Site "Iwonicz"]
[Date "2015.08.01"]
[Round "10.34"]
[White "Kalkowski, Igor"]
[Black "Norek, Bartosz"]
[Result "0-1"]
[WhiteElo "1329"]
[BlackElo "1437"]
[PlyCount "102"]
[EventDate "2015.07.25"]
[EventType "team-swiss"]
[EventRounds "11"]
[EventCountry "POL"]
[SourceTitle "EXT 2019"]
[Source "ChessBase"]
[SourceDate "2018.10.10"]
[SourceVersion "1"]
[SourceVersionDate "2018.10.10"]
[SourceQuality "1"]
[WhiteTeam "Podlesie UKS 21 U19"]
[BlackTeam "Gliwice Akademia Szachowa U19"]
[WhiteTeamCountry "POL"]
[BlackTeamCountry "POL"]

1. e4 c5 2. Nf3 d6 3. d4 cxd4 4. Nxd4 Nf6 5. Nc3 a6 6. f4 b5 7. a3 Bb7 8. Bd3 e6 9. 0-0 Be7 10. Kh1 0-0 11. Qf3 Nbd7 12. Bd2 Qc7 13. Rae1 Kh8 14. Qh3 Qc5 15. Nb3 Qh5 16. Qxh5 Nxh5 17. Na5 Rab8 18. Rf3 g6 19. Nxb7 Rxb7 20. b4 Bf6 21. g4 Ng7 22. Rh3 Rc7 23. Nb1 Nb6 24. e5 Be7 25. Ree3 Nd5 26. Reg3 dxe5 27. fxe5 f5 28. exf6 Rxf6 29. Bg5 Rf2 30. Bxe7 Nxe7 31. Rf3 Rxf3 32. Rxf3 Kg8 33. Kg2 Nd5 34. Be4 Rf7 35. Bxd5 exd5 36. Nc3 d4 37. Rxf7 Kxf7 38. Ne2 Ke6 39. Nxd4+ Kd5 40. Ne2 Ne6 41. Kf2 Nd4 42. Nxd4 Kxd4 43. Ke2 Kc3 44. Kd1 Kb2 45. Kd2 Kxa3 46. Kc3 h6 47. h4 g5 48. h5 Ka4 49. Kb2 Kxb4 50. c3+ Kc4 51. Kc2 a5 0-1

[Event "POL-chT U19 2nd League"]
[Site "Iwonicz"]
[Date "2015.08.01"]
[Round "8.34"]
[White "Musiala, Jakub"]
[Black "Norek, Bartosz"]
[Result "0-1"]
[WhiteElo "1451"]
[BlackElo "1437"]
[PlyCount "106"]
[EventDate "2015.07.25"]
[EventType "team-swiss"]
[EventRounds "11"]
[EventCountry "POL"]
[SourceTitle "EXT 2019"]
[Source "ChessBase"]
[SourceDate "2018.10.10"]
[SourceVersion "1"]
[SourceVersionDate "2018.10.10"]
[SourceQuality "1"]
[WhiteTeam "Wroclaw MUKS MDK Fabryczna U19"]
[BlackTeam "Gliwice Akademia Szachowa U19"]
[WhiteTeamCountry "POL"]
[BlackTeamCountry "POL"]

1. e4 c5 2. Nc3 a6 3. f4 b5 4. d3 Bb7 5. Nf3 b4 6. Ne2 e6 7. g3 Be7 8. Bg2 Nf6 9. 0-0 0-0 10. h3 d5 11. e5 Nfd7 12. g4 Nc6 13. Qe1 a5 14. h4 Qc7 15. g5 Nd4 16. Nexd4 cxd4 17. Qe2 Rfc8 18. Rf2 Qc5 19. b3 Qc3 20. Rb1 Qc7 21. Bb2 a4 22. Bxd4 axb3 23. cxb3 Ba6 24. Qd2 Bc5 25. Rb2 Bxd4 26. Nxd4 Qc3 27. Ne2 Qxd3 28. Qxb4 Rc2 29. Rxc2 Qxc2 30. Nc3 Qc1+ 31. Kh2 Qe3 32. Nd1 Qa7 33. Rc2 Bd3 34. Rd2 Rb8 35. Qc3 Ba6 36. Qd4 Qc7 37. Ne3 Rb6 38. Rc2 Qb8 39. h5 Rb4 40. Nc4 Nf8 41. a3 Rxb3 42. Na5 Rxa3 43. Nc6 Qb3 44. Rc1 Qg3+ 45. Kh1 Ra2 46. Qg1 Qxf4 47. Ne7+ Kh8 48. Qc5 Qh4+ 49. Kg1 Qxg5 50. Ng6+ hxg6 51. Qxf8+ Kh7 52. hxg6+ Qxg6 53. Rc2 Rxc2 0-1

[Event "POL-ch U12"]
[Site "Suwalki"]
[Date "2015.04.11"]
[Round "5.16"]
[White "Wolaniecki, Patryk"]
[Black "Norek, Bartosz"]
[Result "0-1"]
[WhiteElo "1612"]
[BlackElo "1343"]
[PlyCount "82"]
[EventDate "2015.04.08"]
[EventType "swiss"]
[EventRounds "9"]
[EventCountry "POL"]
[SourceTitle "EXT 2023"]
[Source "ChessBase"]
[SourceDate "2022.10.05"]
[SourceVersion "1"]
[SourceVersionDate "2022.10.05"]
[SourceQuality "1"]

1. e4 c5 2. Nf3 d6 3. c3 Nf6 4. h3 Nc6 5. Bd3 a6 6. Bc2 e6 7. 0-0 Be7 8. Re1 0-0 9. d4 b5 10. Nbd2 Qc7 11. Nf1 Rd8 12. Qe2 Bb7 13. Ng3 Rac8 14. d5 exd5 15. exd5 Nxd5 16. Be4 Nf6 17. Bxc6 Qxc6 18. Bg5 Re8 19. Qc2 Nd5 20. Bxe7 Rxe7 21. Nf5 Ree8 22. Rad1 g6 23. Rxd5 Qxd5 24. Ne7+ Rxe7 25. Rxe7 Kg7 26. Re1 Qxa2 27. Nd2 Qd5 28. f3 Qc6 29. Nf1 Re8 30. Rxe8 Qxe8 31. Qd2 Qe6 32. Ne3 d5 33. Kf2 h5 34. g4 h4 35. Nf1 Qe5 36. Qe3 Qxe3+ 37. Nxe3 a5 38. Ng2 b4 39. cxb4 cxb4 40. Nxh4 b3 41. Ng2 a4 0-1